Plants: Orders of Vascular Plants - Statistics

General Stats
  • This quiz has been taken 39 times
  • The average score is 30 of 82
Answer Stats
Hint Hint Answer % Correct
Superrosids Fabids Rosales
85%
Superasterids Campanulids Asterales
77%
Gymnospermae Pinales
77%
Monocots Commelinids Poales
69%
Superrosids Fabids Fabales
62%
Superrosids Fabids Fagales
62%
Superasterids Lamiids Lamiales
62%
Angiospermae Magnoliids Magnoliales
62%
Superasterids Caryophyllales
54%
Monocots Lilioid monocots Liliales
54%
Superrosids Malvids Malvales
54%
Angiospermae Basal angiosperms Amborellales
46%
Monocots Lilioid monocots Asparagales
46%
Superrosids Malvids Brassicales
46%
Superasterids Asterids Ericales
46%
Gymnospermae Ginkgoales
46%
Angiospermae Magnoliids Laurales
46%
Eudicots Basal eudicots Ranunculales
46%
Superrosids Rosids Vitales
46%
Monocots Alismatid monocots Acorales
38%
Monocots Commelinids Arecales
38%
Angiospermae Core angiosperms Chloranthales
38%
Monocots Commelinids Commelinales
38%
Gymnospermae Cycadales
38%
Polypodiopsida Equisetidae Equisetales
38%
Gymnospermae Gnetales
38%
Lycopodiopsida Lycopodiales
38%
Superrosids Malvids Myrtales
38%
Angiospermae Basal angiosperms Nymphaeales
38%
Polypodiopsida Ophioglossidae Ophioglossales
38%
Angiospermae Magnoliids Piperales
38%
Polypodiopsida Polypodiidae Polypodiales
38%
Superrosids Malvids Sapindales
38%
Superrosids Saxifragales
38%
Monocots Alismatid monocots Alismatales
31%
Angiospermae Basal angiosperms Austrobaileyales
31%
Superasterids Lamiids Boraginales
31%
Eudicots Basal eudicots Buxales
31%
Angiospermae Core angiosperms Ceratophyllales
31%
Superasterids Asterids Cornales
31%
Superrosids Fabids Cucurbitales
31%
Polypodiopsida Polypodiidae Cyatheales
31%
Eudicots Core eudicots Dilleniales
31%
Monocots Lilioid monocots Dioscoreales
31%
Superasterids Campanulids Dipsacales
31%
Superasterids Lamiids Gentianales
31%
Polypodiopsida Polypodiidae Gleicheniales
31%
Eudicots Core eudicots Gunnerales
31%
Polypodiopsida Polypodiidae Hymenophyllales
31%
Lycopodiopsida Isoetales
31%
Superrosids Fabids Malphigiales
31%
Polypodiopsida Marattiidae Marattiales
31%
Polypodiopsida Polypodiidae Osmundales
31%
Monocots Lilioid monocots Pandanales
31%
Monocots Lilioid monocots Petrosaviales
31%
Eudicots Basal eudicots Proteales
31%
Polypodiopsida Ophioglossidae Psilotales
31%
Polypodiopsida Polypodiidae Salviniales
31%
Superasterids Santalales
31%
Polypodiopsida Polypodiidae Schizaeales
31%
Lycopodiopsida Selaginellales
31%
Eudicots Basal eudicots Trochodendrales
31%
Monocots Commelinids Zingiberales
31%
Superasterids Campanulids Apiales
23%
Superasterids Campanulids Aquifoliales
23%
Superasterids Berberidopsidales
23%
Superasterids Campanulids Bruniales
23%
Angiospermae Magnoliids Canellales
23%
Superrosids Fabids Celastrales
23%
Superrosids Malvids Crossosomatales
23%
Superasterids Campanulids Escalloniales
23%
Superasterids Lamiids Garryales
23%
Superrosids Malvids Geraniales
23%
Superrosids Malvids Huerteales
23%
Superasterids Lamiids Icacinales
23%
Superasterids Lamiids Metteniusales
23%
Superrosids Fabids Oxalidales
23%
Superasterids Campanulids Paracryphiales
23%
Superrosids Malvids Picramniales
23%
Superasterids Lamiids Vahliales
23%
Superrosids Fabids Zygophyllales
23%
Superasterids Lamiids Solanales
15%
No matching quizzes found
Score Distribution
Percent of People with Each Score
Percentile by Number Answered
Your Score History
You have not taken this quiz